Science Quiz

Random Science or Animal Quiz

Animal Names Slot Machine Quiz Stats

 Plays Quiz Updated Jan 22, 2015

Challenge
Share
Tweet
Score 0/75 Timer 05:00
6 Plays Today
% Correct
kangaroo
97.5%
kangaroo
97.5%
kangaroo
97.5%
crocodile
96.6%
crocodile
96.6%
crocodile
96.6%
elephant
96.3%
elephant
96.3%
elephant
96.3%
chimpanzee
95%
chimpanzee
95%
chimpanzee
95%
antelope
93.6%
antelope
93.6%
antelope
93.6%
anteater
93.3%
anteater
93.3%
anteater
93.3%
centipede
92.6%
centipede
92.6%
centipede
92.6%
porcupine
92.2%
porcupine
92.2%
porcupine
92.2%
wildebeest
91.6%
wildebeest
91.6%
wildebeest
91.6%
dragonfly
90.8%
dragonfly
90.8%
dragonfly
90.8%
albatross
90.8%
albatross
90.8%
albatross
90.8%
octopus
90.7%
octopus
90.7%
octopus
90.7%
iguana
90.4%
iguana
90.4%
% Correct
iguana
90.4%
platypus
90.2%
platypus
90.2%
platypus
90.2%
hyena
89.3%
hyena
89.3%
hyena
89.3%
opossum
88.4%
opossum
88.4%
opossum
88.4%
koala
87.1%
koala
87.1%
koala
87.1%
flamingo
87%
flamingo
87%
flamingo
87%
wolverine
86.6%
wolverine
86.6%
wolverine
86.6%
caribou
83.9%
caribou
83.9%
caribou
83.9%
buffalo
82.9%
buffalo
82.9%
buffalo
82.9%
ladybug
82.2%
ladybug
82.2%
ladybug
82.2%
manatee
81.3%
manatee
81.3%
manatee
81.3%
marmoset
77.6%
marmoset
77.6%
marmoset
77.6%
cardinal
74.9%
cardinal
74.9%
cardinal
74.9%

You're not logged in!

Compare scores with friends on all Sporcle quizzes.
OR
Log In

You Might Also Like...

Show Comments

Extras

Top Quizzes Today


Score Distribution

Your Account Isn't Verified!

In order to create a playlist on Sporcle, you need to verify the email address you used during registration. Go to your Sporcle Settings to finish the process.

Report this User

Report this user for behavior that violates our Community Guidelines.

Details: